| 000 | 00652cam a2200205 4500 | ||
|---|---|---|---|
| 001 | sa 65002049 | ||
| 003 | DLC | ||
| 005 | 20260227112114.0 | ||
| 008 | 880405m19629999xx h 000 0 maro | ||
| 010 | _asa 65002049 | ||
| 040 |
_aDLC _cDLC _dDLC |
||
| 043 | _aa-ii--- | ||
| 050 | 0 | 0 |
_aBL1277.84.M35 _bK65 |
| 100 | 1 |
_aKolte, Vishnu Bhikaji, _d1908- |
|
| 245 | 1 | 0 |
_aMahānubhāva sãśodhana. _cLekhaka Vishṇu Bhikājī Kolate. Prāstāvika: Śaṅkara Dāmodara Peṇḍase. |
| 250 | _a[Āvr̥tti pahilī]. | ||
| 260 |
_aMalakāpūra, _bAruṇa Prakāśana _c[1962-<1984 > |
||
| 300 |
_a<v. 1-2 > facsim. ; _c19-23 cm. |
||
| 650 | 0 | _aMahanubhava. | |
| 999 |
_c62414 _d62414 |
||